Chu dịch tường giải
Đã lưu trong:
| 主要作者: | |
|---|---|
| 格式: | 图书 |
| 语言: | Undetermined |
| 出版: |
Hà Nội
VHTT
1998
|
| 主题: | |
| 标签: |
添加标签
没有标签, 成为第一个标记此记录!
|
| Thư viện lưu trữ: | Trung tâm Học liệu Trường Đại học Cần Thơ |
|---|
| LEADER | 00541nam a2200193Ia 4500 | ||
|---|---|---|---|
| 001 | CTU_39627 | ||
| 008 | 210402s9999 xx 000 0 und d | ||
| 020 | |b 80.000đ | ||
| 082 | |a 181.11 | ||
| 082 | |b Đ406 | ||
| 100 | |a Nguyễn Quốc Đoan | ||
| 245 | 0 | |a Chu dịch tường giải | |
| 245 | 0 | |c Nguyễn Quốc Đoan | |
| 260 | |a Hà Nội | ||
| 260 | |b VHTT | ||
| 260 | |c 1998 | ||
| 650 | |a chinese philosophy | ||
| 904 | |i Nguyễn Quang Điền, 001127 | ||
| 980 | |a Trung tâm Học liệu Trường Đại học Cần Thơ | ||